[Event "SVK-chT2C 2223"]
[Site "Slovakia"]
[Date "2022.11.27"]
[Round "6.6"]
[White "Sustek, Radoslav"]
[Black "Bulej, Matej"]
[Result "1-0"]
[WhiteElo "1860"]
[BlackElo "1946"]
[PlyCount "67"]
[EventDate "2022.10.08"]
[EventType "team-tourn"]
[EventRounds "11"]
[EventCountry "SVK"]
[SourceTitle "EXT 2024"]
[Source "ChessBase"]
[SourceDate "2023.10.10"]
[SourceVersion "1"]
[SourceVersionDate "2023.10.10"]
[SourceQuality "1"]
[WhiteTeam "Zilina Mladost III"]
[BlackTeam "Cadca Caissa II"]
[WhiteTeamCountry "SVK"]
[BlackTeamCountry "SVK"]

1. e4 c6 2. d4 d5 3. exd5 cxd5 4. Nc3 Nf6 5. Nf3 Nc6 6. Bb5 Bg4 7. h3 Bxf3 8. Qxf3 a6 9. Bxc6+ bxc6 10. 0-0 g6 11. Re1 Bg7 12. Bh6 0-0 13. Bxg7 Kxg7 14. Na4 Ne4 15. Qe3 Re8 16. f3 Nd6 17. Qe5+ Kg8 18. b3 Nf5 19. g4 Ng7 20. Nc5 f6 21. Qe2 e5 22. dxe5 fxe5 23. Kg2 Ne6 24. Nxe6 Rxe6 25. Rad1 Qa5 26. c4 e4 27. f4 Rd8 28. f5 gxf5 29. gxf5 Rf6 30. Rg1 Qc3 31. Qg4+ Kh8 32. Kf2 Rff8 33. cxd5 cxd5 34. Qf4 1-0

[Event "SVK-ch U18/20"]
[Site "Liptovsky Mikulas"]
[Date "2018.04.25"]
[Round "7"]
[White "Ihnat, Marek1111"]
[Black "Sustek, Radoslav"]
[Result "0-1"]
[WhiteElo "1937"]
[BlackElo "1774"]
[PlyCount "84"]
[EventDate "2018.04.21"]
[EventType "swiss"]
[EventRounds "9"]
[EventCountry "SVK"]
[SourceTitle "CBM 184 Extra"]
[Source "ChessBase"]
[SourceDate "2018.06.28"]
[SourceVersion "1"]
[SourceVersionDate "2018.06.28"]
[SourceQuality "1"]

1. e4 c5 2. Nf3 d6 3. d4 cxd4 4. Nxd4 a6 5. c4 Nf6 6. Nc3 e5 7. Nc2 Be6 8. Bg5 Be7 9. Bxf6 gxf6 10. Ne3 Nc6 11. Ncd5 Nd4 12. Qd2 f5 13. exf5 Nxf5 14. Nxf5 Bxf5 15. Rd1 Bg5 16. Qb4 0-0 17. Nb6 Rb8 18. Qxd6 Qxd6 19. Rxd6 Be7 20. Rd5 Bb4+ 21. Kd1 Rfd8 22. Kc1 Rxd5 23. Nxd5 Bf8 24. Be2 b5 25. Rd1 Bh6+ 26. Ne3 Be6 27. cxb5 axb5 28. Kb1 Ra8 29. b3 Rb8 30. Rc1 Bg7 31. Bg4 Bxg4 32. Nxg4 b4 33. Rc5 Re8 34. Rb5 h5 35. Ne3 Rd8 36. Rxb4 Rd2 37. f3 Bf8 38. Re4 Ba3 39. Rxe5 Rb2+ 40. Ka1 Re2 41. Rg5+ Kf8 42. Nd1 Rc2 0-1

[Event "SVK-ch U18/20"]
[Site "Liptovsky Mikulas"]
[Date "2018.04.22"]
[Round "2"]
[White "Bugar, Peter"]
[Black "Sustek, Radoslav"]
[Result "1-0"]
[WhiteElo "1959"]
[BlackElo "1774"]
[PlyCount "85"]
[EventDate "2018.04.21"]
[EventType "swiss"]
[EventRounds "9"]
[EventCountry "SVK"]
[SourceTitle "CBM 184 Extra"]
[Source "ChessBase"]
[SourceDate "2018.06.28"]
[SourceVersion "1"]
[SourceVersionDate "2018.06.28"]
[SourceQuality "1"]

1. c4 Nf6 2. Nc3 c6 3. Nf3 d5 4. e3 Bg4 5. d4 e6 6. b3 Bb4 7. Bd2 Qa5 8. Qc2 Bf5 9. Bd3 Bxd3 10. Qxd3 0-0 11. 0-0 Qc7 12. Rfc1 Ba3 13. Rc2 Qd8 14. e4 Na6 15. Nb1 dxe4 16. Qe3 exf3 17. Nxa3 fxg2 18. Qe5 h6 19. Rc3 Qc7 20. Qe2 Kh7 21. Rf3 Qe7 22. Nc2 Ne8 23. Ne3 Qd7 24. Bc3 Nd6 25. Ng4 f6 26. Re1 Rae8 27. Qd3+ Nf5 28. Rh3 g6 29. Nxh6 Nxh6 30. Bd2 Qg7 31. Bxh6 Qxh6 32. Ree3 Qxh3 33. Rxh3+ Kg7 34. Rg3 g5 35. h4 Rh8 36. hxg5 f5 37. Qe3 Kg6 38. Qe5 Rhf8 39. Rh3 Nb4 40. Rh6+ Kxg5 41. Qg7+ Kf4 42. Qg3+ Ke4 43. Qe3# 1-0

[Event "SVK-chT2C 1617"]
[Site "Slovakia"]
[Date "2016.10.09"]
[Round "2.8"]
[White "Sustek, Radoslav"]
[Black "Brnusak, Andrej"]
[Result "0-1"]
[WhiteElo "1745"]
[BlackElo "1682"]
[PlyCount "46"]
[EventDate "2016.10.08"]
[EventType "team-tourn"]
[EventRounds "11"]
[EventCountry "SVK"]
[SourceTitle "CBM 175 Extra"]
[Source "ChessBase"]
[SourceDate "2016.12.12"]
[SourceVersion "1"]
[SourceVersionDate "2016.12.12"]
[SourceQuality "1"]
[WhiteTeam "Zilina Mladost II"]
[BlackTeam "Liptov Chess School III"]
[WhiteTeamCountry "SVK"]
[BlackTeamCountry "SVK"]

1. e4 c5 2. Nf3 e6 3. d4 cxd4 4. Nxd4 Nc6 5. Nc3 Qc7 6. Be3 a6 7. Be2 Nf6 8. 0-0 Bb4 9. Qd3 Ne5 10. Ncb5 axb5 11. Nxb5 Qb8 12. Qd4 Nc6 13. Qb6 0-0 14. Nc7 Ba5 15. Nxa8 Bxb6 16. Nxb6 Nxe4 17. Bf3 Nf6 18. Nc4 d5 19. Na3 Ne5 20. Be2 Neg4 21. g3 Nxe3 22. fxe3 Qe5 23. Rf3 Qxb2 0-1

[Event "Oravska Priehrada op"]
[Site "Oravska Priehrada"]
[Date "2016.08.29"]
[Round "6"]
[White "Sustek, Radoslav"]
[Black "Gasper, Peter"]
[Result "0-1"]
[WhiteElo "1790"]
[BlackElo "2056"]
[PlyCount "68"]
[EventDate "2016.08.26"]
[EventType "swiss"]
[EventRounds "7"]
[EventCountry "SVK"]
[SourceTitle "CBM 174 Extra"]
[Source "ChessBase"]
[SourceDate "2016.10.10"]
[SourceVersion "1"]
[SourceVersionDate "2016.10.10"]
[SourceQuality "1"]

1. e4 e5 2. Nf3 Nc6 3. Bc4 Bc5 4. 0-0 Nf6 5. d4 Bxd4 6. Nxd4 Nxd4 7. Bg5 h6 8. Bh4 d6 9. f4 Qe7 10. fxe5 dxe5 11. Bxf6 gxf6 12. Kh1 Be6 13. Bxe6 fxe6 14. c3 Nc6 15. Na3 0-0 16. Qh5 Kh7 17. Rf3 Rg8 18. Raf1 Rg6 19. Nc4 Rd8 20. Qh4 Qg7 21. Ne3 Rf8 22. h3 Ne7 23. Rd1 Rf7 24. g4 Ng8 25. Qf2 Rd7 26. Qg1 Qe7 27. Ng2 Qd8 28. Rxd7+ Qxd7 29. Rf1 Qd3 30. Re1 Qxh3+ 31. Qh2 Qxg4 32. Nh4 Rg5 33. Rg1 Qxe4+ 34. Ng2 Qf3 0-1

[Event "Oravska Priehrada op"]
[Site "Oravska Priehrada"]
[Date "2016.08.26"]
[Round "1"]
[White "Boba, Kristian"]
[Black "Sustek, Radoslav"]
[Result "0-1"]
[WhiteElo "1004"]
[BlackElo "1790"]
[PlyCount "66"]
[EventDate "2016.08.26"]
[EventType "swiss"]
[EventRounds "7"]
[EventCountry "SVK"]
[SourceTitle "CBM 174 Extra"]
[Source "ChessBase"]
[SourceDate "2016.10.10"]
[SourceVersion "1"]
[SourceVersionDate "2016.10.10"]
[SourceQuality "1"]

1. e4 c5 2. Nf3 Nc6 3. Nc3 d6 4. Bc4 e5 5. d3 Be7 6. Be3 Nf6 7. h3 0-0 8. 0-0 Nd4 9. Qd2 Nxf3+ 10. gxf3 Bxh3 11. Rfe1 Be6 12. Kf1 d5 13. Ke2 dxc4 14. Kd1 cxd3 15. cxd3 c4 16. dxc4 Qxd2+ 17. Bxd2 Bxc4 18. b3 Bd3 19. a3 Rac8 20. Kc1 Rfd8 21. Rg1 h6 22. Kb2 Bxe4 23. Bxh6 Bg6 24. Be3 Nd5 25. Bd2 Nxc3 26. Bxc3 Bf6 27. Rac1 Be7 28. b4 Rd3 29. Bxe5 Rxc1 30. Kxc1 Rxa3 31. Bd4 Bxb4 32. Bxa7 Bc3 33. Bc5 Ra1# 0-1

[Event "SVK-ch U16"]
[Site "Liptovsky Mikulas"]
[Date "2016.04.20"]
[Round "6"]
[White "Sustek, Radoslav"]
[Black "Bango, Dominik"]
[Result "1/2-1/2"]
[WhiteElo "1893"]
[BlackElo "1732"]
[PlyCount "47"]
[EventDate "2016.04.16"]
[EventType "swiss"]
[EventRounds "9"]
[EventCountry "SVK"]
[SourceTitle "CBM 172 Extra"]
[Source "ChessBase"]
[SourceDate "2016.06.21"]
[SourceVersion "1"]
[SourceVersionDate "2016.06.21"]
[SourceQuality "1"]

1. e4 e5 2. Nf3 Nc6 3. Bc4 Bc5 4. 0-0 d6 5. c3 Nf6 6. d4 exd4 7. cxd4 Bb6 8. Nc3 0-0 9. Bg5 Bg4 10. Nd5 Bxf3 11. gxf3 Bxd4 12. Bb5 h6 13. Bxc6 bxc6 14. Qxd4 hxg5 15. Ne3 Nh5 16. Nf5 g6 17. Nh6+ Kh7 18. Ng4 f5 19. exf5 gxf5 20. Ne3 Qf6 21. Qc4 c5 22. Rfe1 Rae8 23. Qa4 Nf4 24. Qxa7 1/2-1/2

[Event "Oravska Priehrada op"]
[Site "Oravska Priehrada"]
[Date "2015.08.22"]
[Round "3"]
[White "Palider, Pavol"]
[Black "Sustek, Radoslav"]
[Result "0-1"]
[WhiteElo "2130"]
[BlackElo "1776"]
[PlyCount "136"]
[EventDate "2015.08.21"]
[EventType "swiss"]
[EventRounds "7"]
[EventCountry "SVK"]
[SourceTitle "EXT 2016"]
[Source "ChessBase"]
[SourceDate "2015.10.08"]
[SourceVersion "1"]
[SourceVersionDate "2015.10.08"]
[SourceQuality "1"]

1. d4 d5 2. Nc3 c6 3. e4 dxe4 4. Nxe4 Bf5 5. Ng3 Bg6 6. Nf3 Nf6 7. Ne5 e6 8. Nxg6 hxg6 9. c3 Bd6 10. Qf3 Nbd7 11. Bg5 Qa5 12. Bxf6 Nxf6 13. Bc4 Qc7 14. 0-0-0 b5 15. Bxb5 0-0 16. Qxc6 Qe7 17. Qf3 Rab8 18. a4 Nd5 19. Rde1 Rfc8 20. h4 a6 21. Qxd5 axb5 22. Qg5 Qc7 23. Ne2 bxa4 24. Kc2 Qc6 25. Rb1 a3 26. bxa3 Qe4+ 27. Kd2 Rxb1 28. Rxb1 Qxb1 29. a4 Qa2+ 30. Ke3 Qxa4 31. h5 gxh5 32. Qxh5 e5 33. dxe5 Bxe5 34. Qxe5 Re8 35. Qxe8+ Qxe8+ 36. Kd3 Qd7+ 37. Ke3 Qe6+ 38. Kf3 g5 39. g4 Qd5+ 40. Ke3 Qd7 41. f3 Qa7+ 42. Nd4 f6 43. Ke4 Kf7 44. Kd3 Qa1 45. Kc4 Ke7 46. Kd3 Qa2 47. c4 Qb1+ 48. Kc3 Kd6 49. Nf5+ Ke5 50. Ne3 Kf4 51. Nd5+ Kxf3 52. c5 Qa1+ 53. Kc4 Kxg4 54. c6 Kh4 55. c7 Qc1+ 56. Kb5 g4 57. Kb6 g3 58. Nf4 Qxf4 59. c8Q g2 60. Qh8+ Kg3 61. Qg8+ Kh2 62. Qh7+ Kg1 63. Qb1+ Qf1 64. Qh7 f5 65. Kc6 Qf3+ 66. Kd6 Kf1 67. Qh8 g1Q 68. Qa1+ Kg2 0-1

[Event "SVK-ch U16"]
[Site "Tatralandia"]
[Date "2015.04.24"]
[Round "8"]
[White "Sustek, Radoslav"]
[Black "Jablonicky, Martin"]
[Result "1/2-1/2"]
[WhiteElo "1785"]
[BlackElo "2331"]
[PlyCount "145"]
[EventDate "2015.04.18"]
[EventType "swiss"]
[EventRounds "9"]
[EventCountry "SVK"]
[SourceTitle "CBM 166 Extra"]
[Source "ChessBase"]
[SourceDate "2015.06.18"]
[SourceVersion "1"]
[SourceVersionDate "2015.06.18"]
[SourceQuality "1"]

1. e4 c5 2. Nf3 g6 3. d4 cxd4 4. Nxd4 Nc6 5. Nc3 Bg7 6. Be3 Nf6 7. Bc4 0-0 8. Qd2 Qa5 9. Bb3 Nxd4 10. Qxd4 Ng4 11. Qd2 Nxe3 12. Qxe3 d6 13. 0-0 Bxc3 14. bxc3 Bd7 15. Rfd1 Rac8 16. e5 Rxc3 17. Qe1 Bf5 18. exd6 exd6 19. Rxd6 Qc7 20. Rad1 Bxc2 21. Rd7 Qc5 22. R7d5 Qc8 23. Rc1 Bxb3 24. Rxc3 Bxd5 25. Rxc8 Rxc8 26. h3 Bxa2 27. Qa5 Be6 28. Qxa7 b5 29. Qb7 Rc5 30. Qb6 Rd5 31. Kh2 Kg7 32. f3 h6 33. Kg3 Kh7 34. Kh2 Rf5 35. Qb7 Bc4 36. g4 Re5 37. h4 h5 38. Qc7 Re2+ 39. Kg3 hxg4 40. fxg4 Be6 41. Qc5 Re4 42. h5 Rxg4+ 43. Kf3 b4 44. Qc2 b3 45. hxg6+ Rxg6 46. Qb1 Kg7 47. Qa1+ Kg8 48. Kf4 f6 49. Qa3 Kg7 50. Qe7+ Bf7 51. Qb7 Rg5 52. Qc6 Re5 53. Qg2+ Kf8 54. Qd2 Rd5 55. Qc3 Kg7 56. Qg3+ Rg5 57. Qc3 Rb5 58. Qb2 Be6 59. Qg2+ Kf7 60. Qb2 Rb4+ 61. Kf3 Rc4 62. Qa1 Bd5+ 63. Ke3 f5 64. Qh8 f4+ 65. Kd3 Ke6 66. Qh6+ Ke5 67. Qg5+ Kd6 68. Qd8+ Kc5 69. Qa5+ Kd6 70. Qd8+ Ke5 71. Qg5+ Ke6 72. Qg8+ Kd6 73. Qd8+ 1/2-1/2

[Event "SVK-ch U16"]
[Site "Tatralandia"]
[Date "2015.04.22"]
[Round "6"]
[White "Starovic, Martin"]
[Black "Sustek, Radoslav"]
[Result "0-1"]
[WhiteElo "1600"]
[BlackElo "1785"]
[PlyCount "92"]
[EventDate "2015.04.18"]
[EventType "swiss"]
[EventRounds "9"]
[EventCountry "SVK"]
[SourceTitle "CBM 166 Extra"]
[Source "ChessBase"]
[SourceDate "2015.06.18"]
[SourceVersion "1"]
[SourceVersionDate "2015.06.18"]
[SourceQuality "1"]

1. e4 c5 2. Nf3 Nc6 3. Bb5 d6 4. d4 cxd4 5. Nxd4 Bd7 6. Nc3 e5 7. Nf3 Be7 8. 0-0 a6 9. Bxc6 bxc6 10. Be3 Nf6 11. h3 0-0 12. Re1 h6 13. Qd3 Qc7 14. Nd2 Be6 15. Nc4 Rab8 16. Na4 Rb4 17. Nab6 d5 18. exd5 cxd5 19. Nxe5 Qxe5 20. Bc5 Qxe1+ 21. Rxe1 Bxc5 22. Qc3 Bxf2+ 23. Kxf2 Rxb6 24. Kg1 Rc8 25. Qd4 Rbc6 26. c3 Rb8 27. Re2 Rcb6 28. b3 Rc6 29. Qd3 Rbc8 30. Kh2 a5 31. Qb5 Rc5 32. Qb6 Nd7 33. Qa7 R8c7 34. Qa8+ Kh7 35. Qa6 Nb8 36. Qb6 Rc8 37. Re3 Nd7 38. Qa6 Nf6 39. Qd3+ Kg8 40. Qd4 Bf5 41. Qe5 Bg6 42. Qd4 Be4 43. c4 dxc4 44. Rxe4 Nxe4 45. Qxe4 c3 46. Qc2 Rd5 0-1

[Event "SVK-chT2C 1415"]
[Site "Slovakia"]
[Date "2015.02.14"]
[Round "8.8"]
[White "Sustek, Radoslav"]
[Black "Piecka, Juraj"]
[Result "0-1"]
[WhiteElo "1695"]
[BlackElo "1782"]
[PlyCount "91"]
[EventDate "2014.10.11"]
[EventType "team-tourn"]
[EventRounds "11"]
[EventCountry "SVK"]
[SourceTitle "EXT 2016"]
[Source "ChessBase"]
[SourceDate "2015.10.08"]
[SourceVersion "1"]
[SourceVersionDate "2015.10.08"]
[SourceQuality "1"]
[WhiteTeam "Zilina Mladost II"]
[BlackTeam "Liptovska Stiavnica"]
[WhiteTeamCountry "SVK"]
[BlackTeamCountry "SVK"]

1. e4 d5 2. exd5 Nf6 3. Nf3 Nxd5 4. b3 Bg4 5. Bb2 e6 6. Be2 Nf4 7. 0-0 Nxe2+ 8. Qxe2 Qd5 9. Nc3 Bxf3 10. gxf3 Qh5 11. Ne4 Nc6 12. d4 0-0-0 13. Ng3 Qg6 14. c3 h5 15. Kh1 f5 16. Rg1 Qf7 17. Rae1 Rh6 18. b4 h4 19. Nf1 Bd6 20. Nd2 Bf4 21. Nc4 e5 22. b5 Ne7 23. Nxe5 Bxe5 24. Qxe5 Qxa2 25. Bc1 Nd5 26. Bxh6 gxh6 27. Qxf5+ Kb8 28. Ra1 Qxf2 29. Rg2 Qxg2+ 30. Kxg2 Ne3+ 31. Kh3 Nxf5 32. Kg4 Ne3+ 33. Kxh4 Nd5 34. Rc1 Rf8 35. Kg4 b6 36. c4 Nf4 37. Re1 Nd3 38. Re6 h5+ 39. Kg3 Rf4 40. c5 bxc5 41. dxc5 h4+ 42. Kg2 Nxc5 43. Rg6 Nd3 44. Rg4 Kb7 45. Kh3 Nf2+ 46. Kxh4 0-1

[Event "Zilina-ch"]
[Site "Zilina"]
[Date "2014.05.11"]
[Round "5"]
[White "Saga, Vladimir"]
[Black "Sustek, Radoslav"]
[Result "1-0"]
[WhiteElo "2016"]
[BlackElo "1704"]
[PlyCount "73"]
[EventDate "2014.05.09"]
[EventType "swiss"]
[EventRounds "6"]
[EventCountry "SVK"]
[SourceTitle "CBM 160 Extra"]
[Source "ChessBase"]
[SourceDate "2014.07.01"]
[SourceVersion "1"]
[SourceVersionDate "2014.07.01"]
[SourceQuality "1"]

1. d4 c6 2. c4 d5 3. e3 Nf6 4. Nc3 Bf5 5. Qb3 Qd7 6. Nf3 e6 7. Bd2 Be7 8. Be2 0-0 9. Ne5 Qc7 10. g4 dxc4 11. Qxc4 Be4 12. f3 Bd5 13. Nxd5 exd5 14. Qc2 Nfd7 15. 0-0-0 Nxe5 16. dxe5 Qxe5 17. Bd3 h6 18. h4 c5 19. f4 Qd6 20. g5 c4 21. Be2 f5 22. Bf3 Nc6 23. Bc3 d4 24. Bxc6 Qxc6 25. Bxd4 b5 26. Rhg1 h5 27. g6 Bf6 28. Qe2 Bxd4 29. Rxd4 c3 30. Qxh5 Rf6 31. Qh7+ Kf8 32. Qh8+ Ke7 33. Qxg7+ Ke6 34. Rgd1 cxb2+ 35. Kb1 Rd8 36. Rxd8 Qe4+ 37. R8d3 1-0

[Event "SVK-chT2C 1314"]
[Site "Slovakia"]
[Date "2014.01.12"]
[Round "6.8"]
[White "Kaniok, Jan"]
[Black "Sustek, Radoslav"]
[Result "1-0"]
[WhiteElo "1928"]
[BlackElo "1685"]
[PlyCount "96"]
[EventDate "2013.10.19"]
[EventType "team-tourn"]
[EventRounds "11"]
[EventCountry "SVK"]
[SourceTitle "EXT 2015"]
[Source "ChessBase"]
[SourceDate "2014.11.20"]
[SourceVersion "1"]
[SourceVersionDate "2014.11.20"]
[SourceQuality "1"]
[WhiteTeam "Dunajov II"]
[BlackTeam "Zilina Mladost II"]
[WhiteTeamCountry "SVK"]
[BlackTeamCountry "SVK"]

1. e4 c6 2. d4 d5 3. e5 Bf5 4. Bd3 Bxd3 5. Qxd3 e6 6. Nf3 Qb6 7. b3 c5 8. c3 Nc6 9. 0-0 cxd4 10. cxd4 Nge7 11. Ba3 Ng6 12. Bxf8 Nxf8 13. Rc1 Ng6 14. Nc3 0-0 15. Na4 Qd8 16. a3 Rc8 17. Qd2 b6 18. b4 Qd7 19. Nb2 Rc7 20. Rc3 Rfc8 21. Rac1 Nce7 22. Rxc7 Rxc7 23. Rxc7 Qxc7 24. b5 h6 25. g3 Qc8 26. Ne1 a6 27. a4 a5 28. Nc2 Nf8 29. h4 Nfg6 30. Kg2 Qd8 31. h5 Nf8 32. g4 Nh7 33. Nd3 Qc7 34. Ne3 f6 35. f4 f5 36. gxf5 Nxf5 37. Nxf5 exf5 38. Nb2 Nf8 39. Kf3 Ne6 40. Ke3 Qe7 41. Qc3 Kh7 42. Qc6 Nf8 43. Qxd5 Qa3+ 44. Nd3 Qxa4 45. e6 Qa3 46. Qxf5+ Kg8 47. Qf7+ Kh8 48. Qxf8+ Kh7 1-0

[Event "Zilina op"]
[Site "Zilina"]
[Date "2013.08.29"]
[Round "2"]
[White "Simo, Marian"]
[Black "Sustek, Radoslav"]
[Result "1-0"]
[WhiteElo "1844"]
[BlackElo "1690"]
[PlyCount "49"]
[EventDate "2013.08.29"]
[EventType "swiss"]
[EventRounds "7"]
[EventCountry "SVK"]
[SourceTitle "CBM 156 Extra"]
[Source "ChessBase"]
[SourceDate "2013.10.22"]
[SourceVersion "1"]
[SourceVersionDate "2013.10.22"]
[SourceQuality "1"]

1. e4 c6 2. d4 d5 3. exd5 cxd5 4. Bd3 Nc6 5. c3 g6 6. Bf4 Bg7 7. Qc2 Nf6 8. h3 0-0 9. Nf3 Nh5 10. Bh2 f6 11. g4 e5 12. gxh5 e4 13. hxg6 exd3 14. gxh7+ Kh8 15. Qxd3 Re8+ 16. Kd1 Bxh3 17. Bf4 Qd7 18. Nbd2 a6 19. Nh4 Qg4+ 20. Ndf3 Re4 21. Kc2 Rxf4 22. Rag1 Rxf3 23. Rxg4 Rxd3 24. Kxd3 Kxh7 25. Nf5 1-0

[Event "Zilina Region-ch"]
[Site "Zilina"]
[Date "2013.05.18"]
[Round "4"]
[White "Gazo, Daniel"]
[Black "Sustek, Radoslav"]
[Result "1-0"]
[WhiteElo "1774"]
[BlackElo "1655"]
[PlyCount "127"]
[EventDate "2013.05.17"]
[EventType "swiss"]
[EventRounds "6"]
[EventCountry "SVK"]
[SourceTitle "CBM 154 Extra"]
[Source "ChessBase"]
[SourceDate "2013.06.25"]
[SourceVersion "2"]
[SourceVersionDate "2013.06.25"]
[SourceQuality "1"]

1. d4 g6 2. Nf3 Nf6 3. c4 Bg7 4. Nc3 d6 5. Bf4 0-0 6. h3 Nbd7 7. e3 Nh5 8. Bh2 f5 9. Be2 e5 10. dxe5 dxe5 11. Qd5+ Kh8 12. Rd1 e4 13. Ne5 Qe7 14. Nxd7 Rd8 15. Qc5 Qe8 16. Ne5 Rxd1+ 17. Bxd1 b6 18. Qc6 Qxc6 19. Nxc6 Be6 20. Be2 f4 21. exf4 a5 22. 0-0 Rf8 23. Rd1 Nxf4 24. Bxf4 Rxf4 25. Rd8+ Rf8 26. Rxf8+ Bxf8 27. Nxe4 Bg7 28. b3 Bd7 29. Ne7 c6 30. Bg4 Bxg4 31. hxg4 Bf8 32. Nxc6 Kg7 33. Kf1 Kf7 34. Nd4 Bg7 35. Nf3 Ke7 36. Ke2 Kd7 37. Kd3 Ke7 38. Nc3 Kd6 39. Nd5 Kc5 40. Ng5 Kc6 41. Nxh7 b5 42. Ne7+ Kd6 43. Nxg6 bxc4+ 44. Kxc4 Bh6 45. g5 Bg7 46. f4 Ke6 47. Nf6 Kf5 48. g3 Kxg6 49. Kb5 Bf8 50. Kxa5 Bc5 51. b4 Bf2 52. g4 Be3 53. Nd5 Bd2 54. Kb5 Kf7 55. Kc6 Ke6 56. b5 Ba5 57. b6 Bxb6 58. Nxb6 Kf7 59. a4 Kg7 60. a5 Kg6 61. a6 Kg7 62. a7 Kf7 63. a8Q Kg6 64. Qg8# 1-0